The Mobile Workshop (Record no. 11020)
[ view plain ]
| 000 -LEADER | |
|---|---|
| fixed length control field | 01015nam a2200133Ia 4500 |
| 008 - FIXED-LENGTH DATA ELEMENTS--GENERAL INFORMATION | |
| fixed length control field | 220615s9999||||xx |||||||||||||| ||und|| |
| 020 ## - INTERNATIONAL STANDARD BOOK NUMBER | |
| International Standard Book Number | 9780260000000 |
| 100 ## - MAIN ENTRY--PERSONAL NAME | |
| Personal name | Mavhunga, Clapperton Chakanetsa |
| 245 #4 - TITLE STATEMENT | |
| Title | The Mobile Workshop |
| Remainder of title | The Tsetse Fly and African Knowledge Production |
| 546 ## - LANGUAGE NOTE | |
| Language note | English[eng] |
| 650 ## - SUBJECT ADDED ENTRY--TOPICAL TERM | |
| Topical term or geographic name entry element | tsetse fly||Zimbabwe culture||Blood||Mobilities||mobility of knowledge||mobility studies||Africa studies||global south||colonial studies||Pests||Dehumanization||thingification||environmental studies||environmentalism||De-Intellectualization||Chepfu||Knowledge||knowledge production||Eugenics||colonialism||racism||imperialism||Bantu Studies||African Studies||Africans as objects of study||Négritude||Self-reintellectualization||Trypanosomiasis||parasitization||attractant studies||Gomarara||cancer||Chemoprophylaxis||Glossina||chidzimbahwe||vedzimbahwe||ndedzi||mhesvamukono||Mhesvi||Vachena||Vatema||Hutachiwana |
| 856 ## - ELECTRONIC LOCATION AND ACCESS | |
| Uniform Resource Identifier | <a href="https://doi.org/10.7551/mitpress/10492.001.0001">https://doi.org/10.7551/mitpress/10492.001.0001</a> |
| 942 ## - ADDED ENTRY ELEMENTS (KOHA) | |
| Koha item type | E-Books |
| Withdrawn status | Lost status | Damaged status | Not for loan | Home library | Current library | Date acquired | Total Checkouts | Date last seen | Price effective from | Koha item type |
|---|---|---|---|---|---|---|---|---|---|---|
| Kerala University of Digital Sciences, Innovation and Technology Knowledge Centre | Kerala University of Digital Sciences, Innovation and Technology Knowledge Centre | 15/06/2022 | 15/06/2022 | 15/06/2022 | E-Books |